000 00962nas a2200325 4500
001 BR2016004109
003 BR-BrBNA
005 20231205130629.0
007 ta
008 230509b bl.|||p| |||| 00| 00por d
040 _aBR-BrBNA
_bpor
_cBiblioteca Nacional de Agricultura
041 _a(En)
072 _aQ02; Q04
100 1 _aMontes, S. de S.
100 1 _aRodrigues, L.M.
100 1 _aCardoso, R. de C.V.
100 1 _aCamilloto, G.P.
100 1 _aCruz, R.S.
245 1 _aTapioca and rice flour cookies: technological, nutritional and sensory properties
650 _aBISCOITO
650 _aFARINHA
650 _aTAPIOCA
650 _aARROZ
650 _aAÇÚCAR MASCAVO
650 _aANÁLISE ORGANOLÉPTICA
650 _aVALOR NUTRITIVO
773 0 _tCiência e Agrotecnologia (Brazil)
_xISSN 1413-7054
_g(Sep-Oct 2015), v. 39(5) p. 514-522
_wBR2016004109
909 _a202311
_bLúcia
_c55
_dLúcia Elande
942 _2AGRIS
_n0
_cANA
999 _c250433
_d250433